<?xml version="1.0" encoding="UTF-8"?>
<collection xmlns="http://www.loc.gov/MARC21/slim">
 <record>
  <leader>01663cam a2200349  c4500</leader>
  <controlfield tag="001">1097801810</controlfield>
  <controlfield tag="003">DE-627</controlfield>
  <controlfield tag="005">20221025191533.0</controlfield>
  <controlfield tag="007">tu</controlfield>
  <controlfield tag="008">920330s1949    xx |||||      00| ||dut c</controlfield>
  <datafield tag="035" ind1=" " ind2=" ">
   <subfield code="a">(DE-627)1097801810</subfield>
  </datafield>
  <datafield tag="035" ind1=" " ind2=" ">
   <subfield code="a">(DE-576)027801810</subfield>
  </datafield>
  <datafield tag="035" ind1=" " ind2=" ">
   <subfield code="a">(DE-599)BSZ027801810</subfield>
  </datafield>
  <datafield tag="040" ind1=" " ind2=" ">
   <subfield code="a">DE-627</subfield>
   <subfield code="b">ger</subfield>
   <subfield code="c">DE-627</subfield>
   <subfield code="e">rakwb</subfield>
  </datafield>
  <datafield tag="041" ind1=" " ind2=" ">
   <subfield code="a">dut</subfield>
  </datafield>
  <datafield tag="084" ind1=" " ind2=" ">
   <subfield code="a">9,10</subfield>
   <subfield code="2">ssgn</subfield>
  </datafield>
  <datafield tag="084" ind1=" " ind2=" ">
   <subfield code="a">LH 14147</subfield>
   <subfield code="2">rvk</subfield>
   <subfield code="0">(DE-625)rvk/92451:</subfield>
  </datafield>
  <datafield tag="245" ind1="1" ind2="0">
   <subfield code="a">Repertorium voor de geschiedenis der nederlandsche schilder- en graveerkunst</subfield>
   <subfield code="n">2.1933 - 1946</subfield>
   <subfield code="p">Sedert het begin der 12de eeuw tot het eind van 1946 / door H. van Hall. Uitg. van het Frederik Muller-Fonds</subfield>
  </datafield>
  <datafield tag="264" ind1=" " ind2="1">
   <subfield code="c">1949</subfield>
  </datafield>
  <datafield tag="300" ind1=" " ind2=" ">
   <subfield code="a">XXII, 397 S.</subfield>
  </datafield>
  <datafield tag="336" ind1=" " ind2=" ">
   <subfield code="a">Text</subfield>
   <subfield code="b">txt</subfield>
   <subfield code="2">rdacontent</subfield>
  </datafield>
  <datafield tag="337" ind1=" " ind2=" ">
   <subfield code="a">ohne Hilfsmittel zu benutzen</subfield>
   <subfield code="b">n</subfield>
   <subfield code="2">rdamedia</subfield>
  </datafield>
  <datafield tag="338" ind1=" " ind2=" ">
   <subfield code="a">Band</subfield>
   <subfield code="b">nc</subfield>
   <subfield code="2">rdacarrier</subfield>
  </datafield>
  <datafield tag="700" ind1="1" ind2=" ">
   <subfield code="a">Hall, H. van</subfield>
   <subfield code="4">oth</subfield>
  </datafield>
  <datafield tag="710" ind1="2" ind2=" ">
   <subfield code="a">Frederik Muller Fonds</subfield>
   <subfield code="0">(DE-588)806925-6</subfield>
   <subfield code="0">(DE-627)102419531</subfield>
   <subfield code="0">(DE-576)19228102X</subfield>
   <subfield code="4">oth</subfield>
  </datafield>
  <datafield tag="773" ind1="1" ind2="8">
   <subfield code="w">(DE-627)166314358</subfield>
   <subfield code="w">(DE-576)014662124</subfield>
   <subfield code="w">(DE-600)145533-3</subfield>
   <subfield code="g">2.1933 - 1946</subfield>
   <subfield code="q">1949,2.1933 - 1946</subfield>
   <subfield code="7">nnns</subfield>
  </datafield>
  <datafield tag="787" ind1="0" ind2="8">
   <subfield code="i">Rezensiert in</subfield>
   <subfield code="a">Benesch, Otto Heinrich Karl, 1896 - 1964</subfield>
   <subfield code="t">[Rezension von: H. van Hall, Repertorium voor de Geschiedenis der Nederlandsche Schilder- en Graveerkunst]</subfield>
   <subfield code="d">1954</subfield>
   <subfield code="w">(DE-627)1819946045</subfield>
  </datafield>
  <datafield tag="935" ind1=" " ind2=" ">
   <subfield code="h">SWB</subfield>
   <subfield code="i">vSatz</subfield>
  </datafield>
  <datafield tag="936" ind1="r" ind2="v">
   <subfield code="a">LH 14147</subfield>
   <subfield code="b">Niederlande, Belgien, Luxemburg</subfield>
   <subfield code="k">Allgemeines. Allgemeine Kunstgeschichte</subfield>
   <subfield code="k">Lexika, Bibliografien, Bibliothekskataloge</subfield>
   <subfield code="k">Bibliografien</subfield>
   <subfield code="k">zur Kunst eines Landes</subfield>
   <subfield code="k">Niederlande, Belgien, Luxemburg</subfield>
   <subfield code="0">(DE-627)1271886715</subfield>
   <subfield code="0">(DE-625)rvk/92451:</subfield>
   <subfield code="0">(DE-576)201886715</subfield>
  </datafield>
  <datafield tag="951" ind1=" " ind2=" ">
   <subfield code="a">JV</subfield>
  </datafield>
  <datafield tag="991" ind1=" " ind2=" ">
   <subfield code="a">Rezensiertes Werk</subfield>
  </datafield>
  <datafield tag="999" ind1=" " ind2=" ">
   <subfield code="a">KXP-PPN1097801810</subfield>
   <subfield code="e">4277330215</subfield>
  </datafield>
 </record>
</collection>
